[Event "Sachsen-Anhalt Verbandsliga 1920"]
[Site "Sachsen Anhalt"]
[Date "2020.10.17"]
[Round "8.7"]
[White "Meissner, Jens"]
[Black "Juraschek, Peter"]
[Result "1/2-1/2"]
[WhiteElo "1539"]
[BlackElo "1592"]
[PlyCount "23"]
[EventDate "2019.09.29"]
[EventType "team-tourn"]
[EventRounds "9"]
[EventCountry "GER"]
[SourceTitle "EXT 2023"]
[Source "ChessBase"]
[SourceDate "2022.10.05"]
[SourceVersion "1"]
[SourceVersionDate "2022.10.05"]
[SourceQuality "1"]
[WhiteTeam "Piesteritz Gruen-Weiss"]
[BlackTeam "Graefenhainichen"]
[WhiteTeamCountry "GER"]
[BlackTeamCountry "GER"]

1. b3 c5 2. Bb2 Nc6 3. e3 e6 4. f4 Nf6 5. Nf3 d6 6. Bb5 Bd7 7. 0-0 Be7 8. d3 Qb6 9. a4 a6 10. Bxc6 Bxc6 11. Nbd2 Bxf3 12. Qxf3 1/2-1/2